000 00656nam a2200265Ia 4500
005 20260121165445.0
008 008 260114s9999 xx 000 0 eng d
020 _a9789462651265
037 _aEBOOK
040 _aCRL
040 _beng
040 _cCRL
041 _2eng
041 _aeng
084 _qCRL
100 _aFrans de Weger
_91051943
245 4 _aThe Jurisprudence of the FIFA Dispute Resolution Chamber
260 _bSpringer
260 _bSpringer
260 _c2016
856 _uhttps://link.springer.com/openurl?genre=book&isbn=978-94-6265-126-5
942 _cEBOOK
999 _c1617668
_d1617668